<?xml version="1.0" encoding="UTF-8"?>
<record
    xmlns:xsi="http://www.w3.org/2001/XMLSchema-instance"
    xsi:schemaLocation="http://www.loc.gov/MARC21/slim http://www.loc.gov/standards/marcxml/schema/MARC21slim.xsd"
    xmlns="http://www.loc.gov/MARC21/slim">

  <leader>01498nam a22002417a 4500</leader>
  <controlfield tag="005">20210927044846.0</controlfield>
  <controlfield tag="008">210927b           ||||| |||| 00| 0 eng d</controlfield>
  <datafield tag="020" ind1=" " ind2=" ">
    <subfield code="a">0312291051</subfield>
  </datafield>
  <datafield tag="040" ind1=" " ind2=" ">
    <subfield code="c">AL</subfield>
  </datafield>
  <datafield tag="041" ind1=" " ind2=" ">
    <subfield code="a">eng</subfield>
  </datafield>
  <datafield tag="082" ind1=" " ind2=" ">
    <subfield code="2">23</subfield>
    <subfield code="a">322.420</subfield>
    <subfield code="b">LEVT</subfield>
  </datafield>
  <datafield tag="100" ind1=" " ind2=" ">
    <subfield code="a">Daniel Levitas</subfield>
    <subfield code="9">355</subfield>
  </datafield>
  <datafield tag="245" ind1=" " ind2=" ">
    <subfield code="a">The Terrorist Next Door</subfield>
    <subfield code="b">The Movement and the Radical Right</subfield>
  </datafield>
  <datafield tag="260" ind1=" " ind2=" ">
    <subfield code="a">New York</subfield>
    <subfield code="b">Thomas Dunne Books</subfield>
    <subfield code="c">2002</subfield>
  </datafield>
  <datafield tag="300" ind1=" " ind2=" ">
    <subfield code="a">vii,520 p.</subfield>
    <subfield code="b">HB</subfield>
    <subfield code="c">24x16 cm.</subfield>
  </datafield>
  <datafield tag="365" ind1=" " ind2=" ">
    <subfield code="f">2013/03/24</subfield>
  </datafield>
  <datafield tag="500" ind1=" " ind2=" ">
    <subfield code="a">Political Science</subfield>
  </datafield>
  <datafield tag="520" ind1=" " ind2=" ">
    <subfield code="a">September 11, 2001, focused America's attention on the terrorist threat from abroad, but as the World Trade Center towers collapsed, domestic right-wing hate groups were celebrating in the United States. "Hallelu-Yahweh! May the WAR be started! DEATH to His enemies, may the World Trade Center BURN TO THE GROUND!" announced August Kreis of the paramilitary group, the Posse Comitatus. "We can blame no others than ourselves for our problems due to the fact that we allow ...Satan's children, called jews (sic) today, to have dominion over our lives."

The Terrorist Next Door reveals the men behind far right groups like the Posse Comitatus - Latin for "power of the county" -- and the ideas that inspired their attempts to bring about a racist revolution in the United States.
</subfield>
    <subfield code="u">https://www.kobo.com/us/en/ebook/the-terrorist-next-door</subfield>
  </datafield>
  <datafield tag="650" ind1=" " ind2=" ">
    <subfield code="a">Militia Movements</subfield>
    <subfield code="9">356</subfield>
  </datafield>
  <datafield tag="651" ind1=" " ind2=" ">
    <subfield code="a">United States</subfield>
    <subfield code="9">357</subfield>
  </datafield>
  <datafield tag="700" ind1=" " ind2=" ">
    <subfield code="a">LEVITAS (Daniel)</subfield>
    <subfield code="9">358</subfield>
  </datafield>
  <datafield tag="942" ind1=" " ind2=" ">
    <subfield code="2">ddc</subfield>
    <subfield code="c">GF</subfield>
  </datafield>
  <datafield tag="999" ind1=" " ind2=" ">
    <subfield code="c">216389</subfield>
    <subfield code="d">216389</subfield>
  </datafield>
  <datafield tag="952" ind1=" " ind2=" ">
    <subfield code="0">0</subfield>
    <subfield code="1">0</subfield>
    <subfield code="2">ddc</subfield>
    <subfield code="4">0</subfield>
    <subfield code="7">0</subfield>
    <subfield code="8">PS</subfield>
    <subfield code="a">AL</subfield>
    <subfield code="b">AL</subfield>
    <subfield code="d">2021-03-24</subfield>
    <subfield code="l">0</subfield>
    <subfield code="o">322.420 LEVT</subfield>
    <subfield code="p">GF03444</subfield>
    <subfield code="r">2021-09-27 00:00:00</subfield>
    <subfield code="w">2013-03-24</subfield>
    <subfield code="y">GF</subfield>
  </datafield>
</record>
